000 00930nas a2200313 4500
001 BR9604027
003 BR-BrBNA
005 20231205095329.0
007 ta
008 230509b bl.|||p| |||| 00| 00por d
040 _aBR-BrBNA
_bpor
_cBiblioteca Nacional de Agricultura
041 _a(Pt)
072 _aL51
100 1 _aScapinello, C.
100 1 _aTafuri, M.L.
100 1 _aRostagno, H.S.
100 1 _aFurlan, A.C.
100 1 _aMoreira, I.
245 1 _aExigencia de metionina+cistina para coelhos da raca Nova Zelandia Branco em crescimento
650 _aCoelho
650 _aExigencia Nutricional
650 _aMetionina
650 _aCistina
650 _aPerformance
650 _aCrescimento
773 0 _tRevista da Sociedade Brasileira de Zootecnia (Brazil)
_xISSN 0100-4859
_g(Nov-Dec 1995), v. 24(6) p. 981-991
_wBR9604027
909 _a202311
_bLúcia
_c55
_dLúcia Elande
942 _2AGRIS
_n0
_cANA
999 _c150083
_d150083